Vecchio cinema italiano /

Saved in:
Bibliographic Details
Main Author: Palmieri, Eugenio Ferdinando, 1903-
Other Authors: Micalizzi, Paolo.
Format: Book
Language:Italian
Published: Vicenza : Neri Pozza Editore, c1994.
Subjects:
Tags: Add Tag
No Tags, Be the first to tag this record!
LEADER 00967nam a2200277Ia 4500
001 006524920-8
005 20020606163548.3
008 960112s1994 it a b 001 0 ita d
020 |a 8873054587 
035 0 |a ocm34023243 
040 |a WAU  |c WAU  |d C3L 
043 |a e-it--- 
045 |a x0x4 
050 4 |a PN1993.5.I88  |b P358 1994 
090 |a PN1993.5.I88  |b P358 1994 
100 1 |a Palmieri, Eugenio Ferdinando,  |d 1903- 
245 1 0 |a Vecchio cinema italiano /  |c Eugenio Ferdinando Palmieri ; a cura di Paolo Micalizzi. 
260 |a Vicenza :  |b Neri Pozza Editore,  |c c1994. 
300 |a 219 p. :  |b ill. ;  |c 21 cm. 
504 |a Includes bibliographical references and indexes. 
650 0 |a Motion pictures  |z Italy  |x History. 
655 7 |a History.  |2 fast 
700 1 |a Micalizzi, Paolo. 
776 0 8 |i Online version:  |a Palmieri, Eugenio Ferdinando, 1903-  |t Vecchio cinema italiano.  |d Vicenza : Neri Pozza Editore, ©1994  |w (OCoLC)654233266 
988 |a 20020608 
906 |0 OCLC